00517 2200169 4500245013000000020002200130250001100152110002700163700002800190650000900218005001900227260004300246041001400289084001200303300002300315336000900338 aCatatan Guru Hebat di Masa Pandemi b : Persembahan untuk Mereka yang Terus Menyalakan LenteracAksara Bersama Batch 9hText a978-623-6054-36-9 aCet. 1 aAksara Bersama Batch 9 aAlfiana Fitri Istiqomah aGuru a20241022074040 aJawa TengahbMadani Berkah Abadic2021 aIndonesia a371.102 a262 hlm. :c20 cm. atext